000
00301nam a22001217a 4500
020
_a
0070844577
082
_a
658.407 FAR
100
_a
Farnsworth,Terry
245
_a
Developing executive talent
260
_a
England
_b
McGRAW-HILLbook company (UK) ltd
_c
1975
300
_a
ix,162p
_b
24cm.
942
_c
BK
999
_c
16527
_d
16527